000 00559cam a2200181 4500500
005 20260329004748.0
041 _afre
042 _adc
100 1 0 _ade Oliveira, Victorine
_eauthor
245 0 0 _aL’Homme. Sa nature et sa position dans le monde
260 _c2021.
500 _a8
690 _aAnimal
690 _aAnthropologie
690 _aHomme
786 0 _nPhilosophie magazine | 146 | 2 | 2021-02-01 | p. 89-89 | 1951-1787
856 4 1 _uhttps://shs.cairn.info/magazine-philosophie-magazine-2021-2-page-89?lang=fr&redirect-ssocas=7080
999 _c1837033
_d1837033